[Event "Bucharest Kings 6th"]
[Site "Bucharest"]
[Date "2012.11.12"]
[Round "5"]
[White "Caruana, Fabiano"]
[Black "Ivanchuk, Vassily"]
[Result "1/2-1/2"]
[WhiteElo "2786"]
[BlackElo "2763"]
[Annotator "Ftacnik,L"]
[PlyCount "60"]
[EventDate "2012.11.07"]
[EventType "tourn"]
[EventRounds "6"]
[EventCountry "ROU"]
[EventCategory "20"]
[SourceTitle "CBM 152"]
[Source "ChessBase"]
[SourceDate "2013.01.15"]
[SourceVersion "1"]
[SourceVersionDate "2013.01.15"]
[SourceQuality "1"]

1. e4 c5 2. Nf3 d6 3. d4 cxd4 4. Nxd4 Nf6 5. Nc3 a6 6. Be3 e5 7. Nb3 Be6 8. Qd2
Nbd7 9. O-O-O Be7 10. f4 b5 {The first important decision for Black. Ivanchuk
is not prepared to wait for the commencement of enemy activity without
counterplay.} 11. Kb1 {Caruana chooses the move that in the sharp position
could amount to the loss of a tempo. White is understandably concerned about
dangers on the queenside as well as a potential mishap along the c1-h6
diagonal.} (11. f5 Bc4 12. g4 Nxg4 13. Rg1 Nxe3 14. Qxe3 h6 15. Kb1 Bg5 16. Qe1
Bxf1 17. Qxf1 Nb6 18. Na5 Qc7 19. Qh3 Bf6 20. Qd3 Rd8 21. a4 Nxa4 22. Nd5 Qd7
$1 (22... Qxa5 23. b4 Nc5 24. Qc3 Qa4 25. Nb6 $18 {1-0 Sevian,S (2343)
-Yankovsky,R (2474)/Los Angeles 2012 (28)}) 23. Rg2 Nc5 $11) 11... O-O 12. f5
Bc4 13. g4 {All the manuals for aspiring players would insist, that in
position with opposite castling time is possibly the most valuable commodity.
The cautious move 13.Rg1 is certainly not the most radical solution.} (13. Rg1
Bxf1 (13... Qc7 14. g4 b4 15. Bxc4 Qxc4 16. Nd5 Nxd5 17. Qxd5 Qxd5 18. exd5 Bd8
19. Nd2 Bb6 20. Bxb6 Nxb6 21. Ne4 Rfd8 $11 {1-0 Socko,B (2644)-Swiercz,D (2501)
/Lublin 2010 (63)}) 14. Rdxf1 (14. Rgxf1 b4 15. Nd5 Nxd5 16. Qxd5 a5 17. Qd3
Nf6 18. Bg5 Ne8 19. Bxe7 Qxe7 20. Rfe1 a4 21. Nc1 Ra5 $11 {1/2-1/2 Socko,B 
(2644)-Dziuba,M (2576)/Lublin 2010 (31)}) 14... b4 15. Nd5 a5 16. g4 a4 17. Nc1
Nxd5 18. exd5 Qa5 19. g5 b3 20. cxb3 Qxd2 21. Bxd2 f6 22. bxa4 Rxa4 $11 {
1-0 Nepomniachtchi,I (2616)-Najer,E (2682)/Serpukhov 2008 (45)}) 13... Bxb3 $5
$146 {[%mdl 8] Ivanchuk might not be the youngest player among the world's
best, but we can assume he is still excellently informed about opening
subtleties. There must be a reason, why he prefers the swap on b3 instead of
immediately taking the g4-pawn g4, a move which brought success in several
games.} (13... Nxg4 14. Rg1 Nxe3 (14... Ndf6 15. Bg5 Bxf1 16. Rdxf1 b4 17. Bxf6
Nxf6 18. Qh6 Ne8 19. Nd5 Bf6 20. Rf3 Kh8 21. Qh5 g6 22. fxg6 fxg6 23. Rxg6 $18
{1-0 Anwesh,U (2412)-Safarli,E (2603)/Chotowa 2010 (55)}) 15. Qxe3 Bxb3 $1 16.
Qh6 $2 (16. axb3 Kh8 17. Nd5 $44) 16... Bxc2+ (16... Bf6 17. axb3 Kh8 18. Qh5
Be7 19. Nd5 Nf6 20. Nxf6 Bxf6 21. Rd3 h6 $15 {1/2-1/2 Spoelman,W (2554)-Najer,
E (2681)/Germany 2009 (102)}) 17. Kxc2 Bf6 18. Rxd6 (18. Rd3 Kh8 19. Qh5 h6 20.
Rh3 Kh7 21. Nd5 Rc8+ 22. Kb1 Nb6 23. Ne3 (23. Rxg7+ Bxg7 24. f6 Nxd5 25. fxg7
Qf6 26. gxf8=N+ Rxf8 $17) 23... Qc7 24. Bd3 Qc5 $17) 18... Kh8 19. Qd2 (19. Qh5
Qe7 20. Qd1 Rfd8 21. a3 Nb6 22. Rxd8+ Rxd8 23. Qc1 b4 24. axb4 Qxb4 25. Bxa6
Na4 $19 {0-1 Salgado Lopez,I (2554)-Zakhartsov,V (2529)/Cappelle la Grande
2009 (30)}) 19... Ra7 20. Kb1 (20. Qg2 Rg8 21. Rd3 Be7 $17) (20. Nd5 Qc8+ 21.
Kb1 Qc5 $17) 20... Qc7 21. Rd3 Nb6 22. Nd5 Nxd5 23. Rxd5 Rd8 24. Be2 Rxd5 25.
Qxd5 g6 $17 {0-1 Nisipeanu,L (2668)-Karjakin,S (2694)/Khanty-Mansiysk 2007/ 
(37)}) 14. cxb3 Nxg4 15. Rg1 {Caruana plays logically, but in the future some
players with the white pieces may resort to the repetition after the retreat
15.Bg1.} (15. Bg1 Ngf6 16. Be3 Ng4 (16... b4 17. Na4 Qa5 18. Qg2 $14) 17. Bg1
$11) 15... Nxe3 16. Qxe3 Kh8 {In a blitz game at the end of the year 2012
Karjakin tried to improve on the play of his great predeccesor with 16...Nb6.}
(16... Nb6 17. Be2 Bf6 18. Rg3 Re8 19. Qd2 Ra7 20. Qxd6 Rd7 21. Qc6 Rd4 22.
Rgd3 Qb8 23. Nd5 Nxd5 24. exd5 Rxd3 25. Bxd3 e4 26. Be2 Qe5 27. Qc2 Qxf5 $17 {
0-1 Jakovenko,D (2741)-Karjakin,S (2775)/Moscow 2012 (39)}) 17. a4 d5 $5 {
Black is not happy to accept equality after the normal moves. The advance in
the centre opens up new tactical possibilities.} (17... bxa4 18. Nxa4 Nf6 19.
Bc4 $11) (17... b4 18. Nd5 a5 19. Bb5 $11) 18. Rxd5 (18. Nxd5 $2 Bc5 $17) 18...
b4 19. Rxd7 $6 {Brave, courageous and in some sense ingenious. Still the
radical reaction to crises is objectively wanting. Caruana should have
invested some energy in finding the clean solution with 19.f6! with complete
equality.} (19. Qg3 Rg8 20. f6 $5 gxf6 (20... Bxf6 21. Qg4 Ra7 22. Nb5 axb5 23.
Bxb5 Qb6 $11) 21. Qxg8+ Qxg8 22. Rxg8+ Rxg8 23. Rxd7 bxc3 24. Rxe7 Rg1 25. Rxf7
$14) (19. f6 $1 Bxf6 20. Bh3 bxc3 21. Rxd7 Qb8 22. Qxc3 a5 $11) 19... Qxd7 20.
Nd5 Qd6 21. Bc4 a5 22. Rd1 Bd8 $6 {White's positional sacrifice is not easy to
meet and even such a great master as Ivanchuk misses the best line. In
retrospect it seems that the d8-square had belonged to the black f8 rook.} (
22... Rfd8 $1 23. Qg3 Qh6 $17) 23. Rd3 Rc8 24. Qg3 Rc6 {The situation has
become a bit delicate, Black does not have an easy way to try improving his
piosition. The fact, that the move 24...Rg8!? seems like the best solution is
indicative of the difficulties facing the second player.} (24... Qb8 $6 25. f6
$1 Rg8 26. Qh4 h6 27. Qh5 Rc6 28. Qxf7 Bxf6 29. Nxf6 Rxf6 30. Qxg8+ Qxg8 31.
Bxg8 Kxg8 32. Rd5 $16) (24... Rg8 $5 25. Ne3 Qc7 26. Nd5 Qb8 $15) 25. Bb5 (25.
Nb6 Qc7 (25... Qe7 26. Nd7 Rg8 27. Nxe5 Rxc4 28. Nxc4 Qxe4 29. Nd6 Qe7 30. Qe5
$16) 26. Nd7 Kg8 27. Nxf8 Kxf8 $11) 25... Rc8 26. Bc4 Rc6 27. Ne3 {White is
even showing some teeth, he could have repeated the moves with small moral
victory.} Qc7 (27... Qe7 28. Nd5 Qc5 29. Qxe5 Bc7 30. Qe7 Bd6 31. Qh4 Qg1+ 32.
Ka2 Bc5 33. f6 Qf2 34. Qg4 $11) 28. Qg2 Qe7 (28... Bh4 29. Qg4 Rh6 30. Nd5 Qa7
31. Rd2 $15) 29. Nd5 Qh4 30. Rh3 Qe1+ {The game has ended on the first move,
that Sofia rules enable for offering the draw. Ivanchuk did not like his
position, even though objectively his chances should still be somewhat better.}
(30... Qe1+ 31. Ka2 Rd6 $15) 1/2-1/2

[Event "Tashkent FIDE GP 2nd"]
[Site "Tashkent"]
[Date "2012.11.22"]
[Round "1"]
[White "Caruana, Fabiano"]
[Black "Svidler, Peter"]
[Result "1/2-1/2"]
[WhiteElo "2786"]
[BlackElo "2747"]
[Annotator "Krasenkow,M"]
[PlyCount "76"]
[EventDate "2012.11.22"]
[EventType "tourn"]
[EventRounds "11"]
[EventCountry "UZB"]
[EventCategory "20"]
[SourceTitle "CBM 152"]
[Source "ChessBase"]
[SourceDate "2013.01.15"]
[SourceVersion "1"]
[SourceVersionDate "2013.01.15"]
[SourceQuality "1"]

1. d4 Nf6 2. c4 g6 3. f3 d5 4. cxd5 Nxd5 5. e4 Nb6 6. Nc3 Bg7 7. Be3 Nc6 8. d5
Ne5 9. Bd4 O-O 10. f4 Ng4 {This system was examined in annotations to Anand -
Caruana (see CBM 151).} 11. Bxg7 Kxg7 12. Qd4+ Kg8 13. Be2 $146 {A harmless
novelty.} (13. Nf3 e6 14. O-O-O exd5 15. exd5 Re8 16. Bb5 Bd7 17. Bxd7 Nxd7 18.
Rhe1 Qf6 $11 {1-0 Varga,P (2478)-Isepy,J (2282)/Sarospatak 2003/EXT 2005 (33)})
(13. h3 Nf6 14. Nf3 e6 15. O-O-O exd5 16. exd5 {1/2 Cebalo,M (2476)-Bentivegna,
F (2324)/Bratto 2009/CBM 132 Extra (99)} Qd6 $11 17. Nb5 $140 Qe7) 13... c6 14.
Bxg4 Bxg4 15. h3 Bd7 16. Nf3 cxd5 17. exd5 e6 $1 18. d6 {This pawn will be
rather weak but} (18. dxe6 Bxe6 19. O-O Qxd4+ 20. Nxd4 Bc4 21. Rfd1 Rad8 {
leads to a pleasant endgame for Black, who will have B vs N in an open
position.}) 18... Bc6 19. O-O Nd5 20. Nxd5 $6 (20. Ne4 $5 f5 21. Neg5 Qxd6 22.
Ne5 $44 {[%csl Ge5]}) 20... Bxd5 21. Ne5 f6 22. Ng4 Kg7 23. Ne3 Qxd6 24. Rad1
Rfd8 25. Nxd5 exd5 26. Rf3 {Black has won a pawn but fails to improve his
position.} b6 $6 (26... Rd7 $142 27. Rfd3 Rad8 {keeping some winning chances.
Perhaps GM Peter Svidler overlooked that} 28. Qxa7 Qxf4 29. Rxd5 $4 {didn't
work due to} Rxd5 30. Rxd5 Qc1+ 31. Kh2 Qc7+ 32. Kg1 Rxd5) 27. Rfd3 Rac8 28.
Qxd5 $1 Qxd5 (28... Qxf4 29. Qxd8 Rxd8 30. Rxd8 {is not dangerous for White.})
29. Rxd5 Rxd5 30. Rxd5 Rc2 31. Rd7+ Kg8 32. Rxa7 Rxb2 33. Rb7 Rxa2 34. Rxb6 f5
35. Rb8+ Kg7 36. Rb7+ Kg8 37. Rb8+ Kg7 38. Rb7+ Kg8 1/2-1/2

[Event "Tashkent FIDE GP 2nd"]
[Site "Tashkent"]
[Date "2012.11.27"]
[Round "5"]
[White "Mamedyarov, Shakhriyar"]
[Black "Caruana, Fabiano"]
[Result "1/2-1/2"]
[WhiteElo "2764"]
[BlackElo "2786"]
[Annotator "Krasenkow,M"]
[PlyCount "107"]
[EventDate "2012.11.22"]
[EventType "tourn"]
[EventRounds "11"]
[EventCountry "UZB"]
[EventCategory "20"]
[SourceTitle "CBM 152"]
[Source "ChessBase"]
[SourceDate "2013.01.15"]
[SourceVersion "1"]
[SourceVersionDate "2013.01.15"]
[SourceQuality "1"]

1. d4 d5 2. c4 c6 3. Nc3 Nf6 4. e3 e6 5. Nf3 Nbd7 6. Bd3 dxc4 7. Bxc4 b5 8. Bd3
Bd6 9. O-O O-O 10. b3 {A harmless continuation.} Bb7 11. Bb2 b4 {Black wants
to immediately push ...c6-c5.} (11... a6 {is another option.}) 12. Ne4 Nxe4 13.
Bxe4 Nf6 14. Bc2 (14. Bd3 c5 15. dxc5 Bxc5 16. Qe2 (16. Qc2 Rc8 17. Rad1 Qe7
18. Bxf6 {1/2 Kortschnoj,V (2598)-Grachev,B (2610)/Dagomys 2008/CBM 124 (36)}
gxf6 19. Bxh7+ Kg7 20. Be4 Bxe3 21. Qe2 Bxe4 22. Qxe3 Bg6 $11) 16... Qe7 17.
Rac1 Rac8 18. Bxf6 (18. Ba6 Ne4 19. Bxb7 Qxb7 20. Rc4 Be7 21. Rfc1 Bf6 22. Bxf6
gxf6 23. Nd4 Rxc4 24. Rxc4 Rc8 25. h3 f5 $11 {1/2 Moiseenko,A (2677)-Potkin,V 
(2611)/Moscow 2010/CBM 135 (29)}) 18... Qxf6 (18... gxf6 19. Ba6 Bb6 20. Bxb7
Qxb7 21. Nd2 $14 {0-1 Li Shilong (2557)-Zhou Weiqi (2563)/Xinghua Jiangsu 2009/
CBM 131 (60)}) 19. Ba6 Bxf3 20. Qxf3 Qxf3 21. gxf3 Rc6 22. Bb7 Rc7 23. Rfd1 Bb6
24. Rxc7 Bxc7 25. Rd4 Ba5 26. Kf1 Rd8 27. Rc4 g6 $11 {1/2 Grigoriants,S (2564)
-Belov,V (2625)/Irkutsk 2010/CBM 138 (33)}) 14... c5 15. dxc5 Bxc5 16. Ng5 Qxd1
17. Rfxd1 Be7 $6 (17... Rfd8 $2 18. Bxf6 gxf6 19. Bxh7+ Kg7 20. Be4 fxg5 21.
Bxb7 Rab8 22. Ba6 Rxd1+ 23. Rxd1 Rb6 24. Bd3 Rd6 25. Kf1 $16 {1-0 Brodsky,M 
(2563)-Debashis,D (2454)/St Petersburg RUS 2012/The Week in Chess 939 (69)}) (
17... Kh8 $1 {(the idea from the famous Carlsen - Anand game, Morelia -
Linares 2007, where a similar position arose) was probably the most
appropriate, e.g.} 18. Bxf6 (18. Rac1 Rac8) 18... gxf6 19. Rd7 (19. Nxh7 $2 Rg8
20. g3 Kg7 {[%csl Rh7]}) 19... fxg5 20. Rxb7 Bb6 $11) 18. Nxh7 $1 Nxh7 19. Rd7
(19. Bxh7+ Kxh7 20. Rd7 Bxg2 21. Kxg2 Bh4 {1/2 Lupulescu,C (2616)-Inarkiev,E 
(2695)/Plovdiv 2012/CBM 148 (47) is less dangerous for Black}) 19... Bf6 ({
Of course, the rook endgame after} 19... Bxg2 20. Kxg2 Bf6 21. Bxh7+ Kxh7 22.
Bxf6 gxf6 23. Rc1 {can be difficult for Black.}) 20. Bxf6 Bc8 21. Bxh7+ Kxh7
22. Rd8 Rxd8 23. Bxd8 {[%mdl 4096]} a5 {Black's plan is simple: to get rid of
all the queenside pawns, after which the game should end in a draw.} 24. f3 e5
{[%cal Yc8e6,Ya5a4]} 25. Rc1 Be6 26. Be7 Ra7 27. Bd6 f6 28. Rc6 Bd5 ({The
asymmetric structure after} 28... a4 29. Bxe5 $1 axb3 (29... Bd7 30. Bd4 Bxc6
31. Bxa7 {is also questionable}) 30. axb3 Bxb3 {was something Black wanted to
avoid.}) 29. Rb6 a4 $5 30. Rxb4 axb3 31. axb3 Ra1+ 32. Kf2 Rb1 33. Rh4+ ({
It was probably better to try} 33. e4 Bxb3 34. Rb7 {. After the text move
White keeps his b-pawn but his rook finds itself in an extremely awkward
position.}) 33... Kg8 34. b4 g5 $1 35. Rg4 (35. Rh3 Rb2+ 36. Kg3 $6 Kg7 $11 ({
but not} 36... Be6 $2 37. Rh6 Kg7 38. Bxe5 $3)) 35... Be6 36. Rg3 {[%csl Rg3]}
Bc4 37. e4 Rb2+ 38. Kg1 Rb1+ 39. Kf2 Rb2+ 40. Ke1 Kf7 {Despite two extra pawns,
White can't make any progress.} 41. Bc5 Be6 (41... Ra2 $5 42. Kd1 Bf1) 42. h3 (
42. Kd1 $5 Bc4 43. Kc1 Ra2 44. Kb1 Re2 {changes nothing.}) 42... Bc4 43. h4
gxh4 44. Rg4 Bb5 45. Rxh4 Re2+ 46. Kd1 Rxg2 47. f4 Kg6 48. fxe5 fxe5 49. Rh8
Rg4 50. Rg8+ Kh5 51. Rh8+ Kg6 52. Rg8+ Kh5 53. Rh8+ Kg6 54. Rg8+ 1/2-1/2

[Event "Tashkent FIDE GP 2nd"]
[Site "Tashkent"]
[Date "2012.11.29"]
[Round "7"]
[White "Dominguez Perez, Leinier"]
[Black "Caruana, Fabiano"]
[Result "0-1"]
[WhiteElo "2726"]
[BlackElo "2786"]
[Annotator "Mekhitarian,K"]
[PlyCount "166"]
[EventDate "2012.11.22"]
[EventType "tourn"]
[EventRounds "11"]
[EventCountry "UZB"]
[EventCategory "20"]
[SourceTitle "CBM 152"]
[Source "ChessBase"]
[SourceDate "2013.01.15"]
[SourceVersion "1"]
[SourceVersionDate "2013.01.15"]
[SourceQuality "1"]

1. e4 d5 2. exd5 Qxd5 3. Nc3 Qd6 4. d4 Nf6 5. Nf3 g6 6. Bc4 Bg7 7. O-O O-O 8.
h3 a6 9. Re1 (9. a4 {is normally played. Here Dominguez doesn't stop b5,
perhaps inteding to explore the queenside weaknesses later, but Caruana plays
c5 2 moves later, so I don't quite understand why allow b5-Bb7 in the first
place. A recent example (not quite successful) is from the top specialist in
the Qd6 Scandinavian - S. Tiviakov} Nc6 10. b3 Ne8 11. Ba3 Qd8 12. Re1 Nd6 13.
Bd5 Bd7 14. Qd3 {and it seems White has built up a great opening position, and
is indeed looking for an advantage} e6 15. Bxc6 Bxc6 16. Ne5 Be8 17. Rad1 $16 {
1/2-1/2 Vovk,A (2549)-Tiviakov,S (2656)/Altenkirchen 2012/Mega2012 Update 24 
(67)}) 9... b5 10. Bb3 (10. Bd3 Bb7 11. a4 b4 12. Ne4 {also doesn't bring much,
because Black equalises right away:} Nxe4 13. Bxe4 Bxe4 14. Rxe4 c5 $11) 10...
Bb7 11. Bg5 c5 $1 {Right on time, solving Black's opening problems indeed, and
also avoiding any kind of Qe2-Rad1 disturbances.} 12. dxc5 Qxc5 13. Qe2 e6 14.
Rad1 Nbd7 $11 {=/+, it feels like White is the one that has to play properly
now. His pieces are active, but Black's structure is very good and the e6-P
controls the position very well. This is a typical Sicilian-like structure,
when Black was already able to play d5 and exchange White's e4-P, not to
mention the awkardly placed b3-B.} 15. Bf4 Rfe8 16. Bd6 Qb6 {Now to follow
calmly with Rac8, Rc6, or just Bf8, again trying to play against the passive
b3-B. Nc5 is another possible idea.} 17. Qe3 Qxe3 18. Rxe3 Nb6 19. Be5 Rac8 20.
Red3 Nc4 {Caruana forces White to get rid of his passive-B, but he is now
looking for a different advantage, the B vs N fight.} (20... Ne4 $5 {was
another way to play the position} 21. Bxg7 Kxg7 22. Nxe4 Bxe4 23. Rd6 Bxf3 24.
gxf3 Rb8 $15 {with Kf6-Ke7 to come and after a slow re-grouping, Black could
try something in this endgame, where the white-B remains passive.}) 21. Bxc4
Rxc4 22. a3 h6 (22... Nd5 23. Bxg7 Kxg7 24. Nxd5 Bxd5 $11 {=/+, would be a
better version of the game, with a pleasant endgame for Black and a
microscopic advantage, if there's any.}) 23. Nd2 Rcc8 24. Bxf6 $1 {Forcing the
subsequent exchanges:} Bxf6 25. Nde4 Bxc3 26. Nxc3 Bc6 {In this kind of
endgames, Black is always more comfortable, because the K-side majority has
better prospects than the Q-side one, since the B plays amazingly well with
the 4 Rs still in the game.} 27. R1d2 (27. h4 $11 {/=/+, exchanging a P would
be a good decision, trying to follow with f3-Kf2-Ke3.}) 27... g5 28. Rd6 Kf8
29. Nd1 Ke7 30. Ne3 h5 {Now Black could be eyeing the g2-P (by playing h4!).
That's why I liked the h4-move earlier. Besides, a rule of thumb in the N vs B
fight is to try to 'bring' the Ps as close to the centre as possible (in this
case, without the 'h' Ps, the N would be working better, since it's 'closer'
to the Ps).} 31. c4 $4 {A blunder, because White won't be able to take the P
back.} (31. f3 {and Kf2 to follow was the natural way to play the position.})
31... bxc4 $17 32. R6d4 (32. Nxc4 Bd5 33. b3 Rxc4 $1 {maybe this was missed by
Dominguez} 34. R6xd5 exd5 35. bxc4 dxc4 $19 {should be easily winning for
Black.}) 32... Bb5 33. h4 Rg8 {Preferring to maintain the K-side flexible.} (
33... g4 $17 {was the other way to play the position, the safest one I think,
getting space on the K-side and preparing to follow with c3 opening lines or
even f5 and a possible central expansion} 34. Rc2 f5 $1 35. Nxc4 e5 $19 {
This is the difference, now White doesn't have e4 available for his R.}) 34.
Kh2 (34. Rc2 $5 {could be a little bit annoying} g4 {one of the reasons I
think 33...g4 would be more precise} 35. Nxc4 e5 36. Re4 f6 37. Rc3 Ke6 {
and Black retains a clear advantage, because White's pieces are oddly placed,
and his structure remains better. But again, I don't think allowing this was
necessary.}) 34... c3 35. Rc2 cxb2 36. Rxb2 {Now we're talking about the same
endgame as before, but Black has an extra pawn, which makes things easier than
before. Naturally, there's still a fight going on.} Rc5 37. a4 Bc6 38. Rb6 a5
39. hxg5 Rgxg5 {It's interesting to notice how strong Bs are in this kind of
positions. Our c6 fellow plays an important role attacking g2, and at the same
time protects the black K on his march through e6 (after e5!).} 40. Ra6 e5 $6 (
40... f5 $1 {with the same idea was more precise, since White doesn't have the
Rc4 trick.}) 41. Ra7+ $2 (41. Rc4 $1 {would be a strong and unexpected try}
Rxg2+ 42. Kh3 Rxc4 43. Nxc4 Rg6 $1 (43... Be4 44. Rxa5 $132 f6 45. Ra7+ {
and after Nd6, Black is not going to stabilise, and won't be able to bring
home the full point. For example:} Kd8 46. Nd6 Bd5 47. Nf7+ Ke8 48. Nd6+ Kf8
49. Ra5 Bf3 50. Ra7 $1 $11) 44. Rxa5 f6 45. Nxe5 $1 fxe5 46. Rxe5+ Kf6 47. Rxh5
Bxa4 {and the famous RB vs R endgame would arrive. Drawn, in theory, but with
huge winning chances, as we all know. In 2012 for example, we had had the
famous Grischuk - Kamsky in Olympiad, that ended up in 0-1.}) 41... Ke6 42. Rd8
f5 $1 {g2-P becomes a real target now. And, as said before, the c6-B shows its
strong defensive potential.} 43. Rh8 Rg6 44. Rhh7 f4 45. Rae7+ Kd6 46. Nf5+ Kd5
47. Rxh5 Bxa4 {The a-P will be decisive, as will become clear soon.} 48. Ra7 $2
(48. g3 {last chance for something} fxg3+ 49. Nxg3 Re6 $17) 48... Kc4 $1 49.
Rh8 Bc2 50. Nh4 Rb6 $19 {Showing an amazing control of the endgame, Caruana
built this position to perfection, and nothing can stop his win now. This move
allows the black-K to the 'b' file, and the further advance of the a-P. It's
all going to be over soon, since Black is well coordinated and the pawn will
just march to a1} 51. Nf3 a4 52. Ng5 Kb4 53. Rha8 Rh6+ $1 54. Nh3 Bb3 55. f3
Rc2 56. Kg1 Rd6 57. Re8 Rdd2 58. Rg7 a3 59. Rxe5 a2 60. Re1 Rb2 61. Kh2 Rb1 62.
Re4+ Kc5 63. Ra7 a1=Q 64. Rxa1 Rxa1 {x} 65. Nxf4 Ra4 66. Re5+ Kd6 67. Rf5 Bc2
68. Rf7 Ke5 69. Kg3 Rd8 70. Nh3 Rg8+ 71. Kh2 Rh4 72. Rc7 Bf5 73. Rc5+ Ke6 74.
g4 Rgh8 75. Rxf5 Rxh3+ 76. Kg2 Rh2+ 77. Kg3 R8h3+ 78. Kf4 Rf2 79. Re5+ Kf6 80.
Re3 Ra2 81. g5+ Kf7 82. Kg4 Rh1 83. Rb3 Rg1+ 0-1